| 000 | 00986nam a22002895a 4500 | ||
|---|---|---|---|
| 008 | 090413t2006 en a|||fr|||| 001 0 eng d | ||
| 010 | _a 2005008721 | ||
| 020 | _a0321420527 | ||
| 020 | _a9780321420527 | ||
| 040 |
_aEG-ScBuE _beng _cEG-ScBuE |
||
| 082 | 0 | 0 |
_a006.312 _bTAN _222 |
| 100 | 1 |
_aTan, Pang-Ning. _93628 |
|
| 245 | 1 | 0 |
_aIntroduction to Data Mining / _cPang-Ning Tan, Michael Steinbach, Vipin Kumar. |
| 250 | _aPearson International ed. | ||
| 260 |
_aBoston : _bPearson Addison Wesley, _cc.2006. |
||
| 300 |
_axxi, 769 p. : _bill. ; _c24 cm. |
||
| 500 | _aIncludes Index. | ||
| 504 | _aIncludes bibliographical references. | ||
| 590 | _ayassmeen ashraf | ||
| 650 | 0 |
_aData mining. _93629 _2BUEsh |
|
| 651 | _2BUEsh | ||
| 653 |
_bCOMSCI _cAugust2015 |
||
| 700 | 1 |
_aSteinbach, Michael. _93630 |
|
| 700 | 1 |
_aKumar, Vipin, _d1956- _93631 |
|
| 856 | 4 | 1 |
_3Table of contents _uhttp://www.loc.gov/catdir/toc/ecip0510/2005008721.html |
| 942 |
_cBB _k006.312 TAN _2ddc |
||
| 999 |
_c8101 _d8101 |
||